Ուսման ծրագիր գաղթական համայնքներու յատուկ նախակրթարաններու / (Record no. 196176)
[ view plain ]
| 000 -LEADER | |
|---|---|
| fixed length control field | 00881nam a2200205 a 4500 |
| 003 - CONTROL NUMBER IDENTIFIER | |
| control field | AM-YeHGA |
| 040 ## - CATALOGING SOURCE | |
| Original cataloging agency | AM-YeHGA |
| 090 ## - LOCALLY ASSIGNED LC-TYPE CALL NUMBER (OCLC); LOCAL CALL NUMBER (RLIN) | |
| -- | 197655 |
| 005 - DATE AND TIME OF LATEST TRANSACTION | |
| control field | 20250618072852.0 |
| 008 - FIXED-LENGTH DATA ELEMENTS--GENERAL INFORMATION | |
| fixed length control field | 070329s1936 ua r 000 0 arm d |
| 041 0# - LANGUAGE CODE | |
| Language code of text/sound track or separate title | arm |
| 245 00 - TITLE STATEMENT | |
| Title | Ուսման ծրագիր գաղթական համայնքներու յատուկ նախակրթարաններու / |
| Statement of responsibility, etc. | Հայկ. բարեգործ. ընդհ. մ-թիւն. |
| 260 ## - PUBLICATION, DISTRIBUTION, ETC. | |
| Place of publication, distribution, etc. | Գահիրէ : |
| Name of publisher, distributor, etc. | տպ. Սահակ-Մեսրոպ, |
| Date of publication, distribution, etc. | 1936. |
| 300 ## - PHYSICAL DESCRIPTION | |
| Extent | 42 էջ : |
| Other physical details | աղս. |
| 650 14 - SUBJECT ADDED ENTRY--TOPICAL TERM | |
| Topical term or geographic name entry element | Կրթություն |
| 650 14 - SUBJECT ADDED ENTRY--TOPICAL TERM | |
| Topical term or geographic name entry element | Գաղթական համայնքներ |
| Form subdivision | Ուսումնական ծրագիր |
| 710 2# - ADDED ENTRY--CORPORATE NAME | |
| Corporate name or jurisdiction name as entry element | Հայկական բարեգործական ընդհանուր միութիւն |
| 9 (RLIN) | 4893 |
| 856 4# - ELECTRONIC LOCATION AND ACCESS | |
| Uniform Resource Identifier | <a href="https://arar.sci.am/dlibra/publication/293655/edition/269594/content">https://arar.sci.am/dlibra/publication/293655/edition/269594/content</a> |
| Link text | Կարդալ առցանց |
| 942 ## - ADDED ENTRY ELEMENTS (KOHA) | |
| Source of classification or shelving scheme | Universal Decimal Classification |
| Koha item type | Գրքեր / Books |
| Withdrawn status | Lost status | Damaged status | Not for loan | Collection | Home library | Current library | Date acquired | Cost, normal purchase price | Total checkouts | Full call number | Barcode | Date last seen | Date last checked out | Price effective from | Koha item type | Public note | Source of classification or shelving scheme |
|---|---|---|---|---|---|---|---|---|---|---|---|---|---|---|---|---|---|
| General | Fundamental Scientific Library | Fundamental Scientific Library | 28/12/2016 | 1.00 | 1 | AII/25990 | 220025990 | 13/03/2020 | 13/03/2020 | 28/12/2016 | Գրքեր / Books | 30 Days Loan | |||||
| Alpoiajian Individual Collection | Fundamental Scientific Library | Fundamental Scientific Library | 09/01/2019 | Ալպ/204 | FL0533677 | 09/01/2019 | 09/01/2019 | Գրքեր / Books | ILL Non-Circ | Universal Decimal Classification |
ՀՀ Գիտությունների ազգային ակադեմիայի հիմնարար գիտական գրադարան = Fundamental Scientific Library of NAS RA
All site content, except where otherwise noted, is licensed under a